000 00366 a2200157 4500
001 75391
020 _a9788581088914
040 _cAnchieta - Colégio São Paulo
100 _aFernandes, Renata
240 1 0 _aA turminha da janelinha
_lpor
245 1 0 _aA turminha da janelinha
300 _a[24]
362 0 _a2016
650 4 _aLiteratura infantil
942 _cBK
999 _c75391
_d75391